| 000 | 01045nam a2200277Ia 4500 | ||
|---|---|---|---|
| 003 | OSt | ||
| 005 | 20221005110617.0 | ||
| 006 | a|||||r|||| 00| 0 | ||
| 007 | ta | ||
| 008 | 221004b |||||||| |||| 00| 0 hin d | ||
| 020 |
_a9788126318704 (hbk) _c280 |
||
| 024 | _a7921 | ||
| 037 |
_b252, 24/10/2013, Swaraj Prakashan _cTextual |
||
| 040 |
_aCRL _cCRL _bhin |
||
| 041 |
_2hin _ahin |
||
| 082 | _aO152,3N345,BT, Q0 | ||
| 100 | _aमधुकर सिंह | ||
| 245 | 0 | _aबेनीमाधो तिवारी की पतोह | |
| 246 | _aBenīmādho tivārī kī patoha | ||
| 260 |
_aनई दिल्ली _bभारतीय ज्ञानपीठ भारत _c2010 |
||
| 300 |
_a90पृ0 _ccm. |
||
| 490 | _aलोकोदय ग्रन्थमाला; ग्रन्थांक 1018 | ||
| 650 | _aहिन्दी साहित्य | ||
| 942 |
_hO152,3N345,BT, Q0 _cTEXL _2cc |
||
| 999 |
_c1019341 _d1019341 |
||